000 00571nam a2200241Ia 4500
003 OSt
005 20220924150723.0
006 a|||||r|||| 00| 0
007 ta
008 220923b |||||||| |||| 00| 0 tel d
020 _c25.00
024 _a334344
037 _cTextual
040 _aARTS
_cARTS
_btel
041 _2tel
_atel
082 _a035,2, N8
100 _aAkella Au.
_9222783
245 0 _aKakienjeli
260 _c1998
650 _aTELUGU DRAMA
_9173432
942 _h035,2, N8
_cTEXL
_2CC
999 _c464302
_d464302